Нормален изглед
MARC изглед
- Калудов, Любомир Петков
Вход 01. Лично име
001 - Контролен номер на записа
- Контролно поле: 75457
003 - Код на организацията, даваща контролен номер
- Контролно поле: BLK
005 - Дата и час на последна промяна на записа
- Контролно поле: 20240313155318.0
008 - Данни с фиксирана дължина – обща информация
- Данни с фиксирана дължина : 180403n| acnz|abbn | aba d
100 1# - ИМЕ НА ЛИЦЕ -ПЪРВИЧНА ИНТЕЛЕКТУАЛНА ОТГОВОРНОСТ
- Лично име: Калудов, Любомир Петков
- Дати, свързани с автора: 1953-
- Друга информация: Лекар-хирург, писател и поет. Фотограф. Автор на археоложки проучвания.
942 ## - Системна служебна употреба
- Koha auth type: PERSO_NAME